000
00190 a2200073 4500
082
_a
624.151 ABE
245
_a
Soil Stabilization: course pack CE 804
_c
ABEER
300
_a
268p. :
_b
ill . ;
_c
26cm
650
_a
Soil Stabilization
999
_c
1100
_d
1100